000 00635nam a2200229Ia 4500
005 20250425162555.0
008 250425s9999 xx 000 0 und d
020 _a9780194789202
041 _aeng
082 _a428.6
100 _aDOYLE, ARTHUR CONAN
245 0 _aSHERLOCK HOLMES AND THE SPORT OF KINGS
250 _a1ST ED.
260 _aOXFORD
260 _aReino Unido
_bOXFORD UNIVERSITY PRESS
_c2008
300 _a56
650 _aCOMPRENSION DE LECTURA - PROBLEMAS, EJERCICIOS
650 _aIDIOMA INGLES-LIBROS DE TEXTO PARA EXTRANJEROS
650 _aINGLES-LIBROS DE LECTURA
942 _c01
010 _a86527
999 _c232022
_d232022